000 01048cab a22002175a 4500
001 L137532
008 070413e20070324xxk f g 000 0 eng d
035 _a(Sirsi) u137532
041 0 _aeng
100 1 _aDale, Geoffrey
245 0 0 _aNothing but the truth
260 _c2007
490 _aEstates Gazette
_v(0712) 24 March 2007, 146-148(3)
520 _aReports on the Court of Appeal decision Meadow v General Medical Council ([2006] EWCA Civ 1390) which gave clear guidance regarding the duties of professionals acting as expert witnesses and the sanctions available for breach of those duties. The case related to medical evidence, but the judicial comments and conclusions also apply to property professionals when acting as expert witnesses in court proceedings, arbitration or expert determination. See also L135561
590 _aKA
650 2 4 _aMEADOW V GENERAL MEDICAL COUNCIL
651 4 _aEngland and Wales
_y1543-
690 _aMANAGEMENT-BUSINESS MANAGEMENT-PROFESSIONAL PRACTICE
700 1 _aBradford, Katie
942 _n0
999 _c78652
_d78652